000 00266nam a2200109Ia 4500
008 230907s9999||||xx |||||||||||||| ||und||
082 _a532.052702451
_bDAV
100 _aDavidson, P. A.
_9115589
245 0 _aTurbulence :
300 _axvi, 630 pages :
942 _cBK
999 _c598903
_d598903